[Event "AUTO-OPEN-4583"]
[Site "http://www.queenalice.com/game.php?id=1854318"]
[Date "2025.3.21"]
[Round "1"]
[White "yasseryack"]
[Black "silverado"]
[Result "0-1"]
[WhiteElo "1915"]
[BlackElo "1962"]

1. f4 d5 2. g3 c5 3. Bg2 Bf5 4. d3 e6 5. Nf3 f6 6. Nbd2 Bd6 7. c3 b5 8. O-O Nh6
9. Qe1 Ng4 10. Nb1 c4 11. h3 Nh6 12. g4 Bg6 13. Nh4 Nd7 14. Nxg6 hxg6 15. Qf2
cxd3 16. exd3 Nc5 17. Qe2 Qe7 18. c4 bxc4 19. dxc4 Rb8 20. Nc3 dxc4 21. Qxc4 Nf7
22. Bd2 a5 23. Bc6+ Kf8 24. Bb5 Rxh3 25. Kg2 Rh4 26. Kg3 g5 27. Rh1 Rxh1 28.
Rxh1 Nh6 29. Kf3 Qb7+ 30. Ne4 Nxe4 31. Bc6 Nxd2+ 32. Ke2 Nxc4 33. Bxb7 Rxb7 34.
b3 Na3 35. fxg5 fxg5 36. Kf3 Bf4 37. Rd1 Ke7 38. Rd3 Nc2 39. Rc3 Nd4+ 40. Ke4 e5
41. Rc5 Nxg4 42. Rxa5 Rb4 43. Ra7+ Kd6 44. Kd3 g6 45. Rg7 Nf2+ 46. Kc3 Kc5 47.
Rxg6 Ne2+ 48. Kb2 Nd1+ 49. Kc2 Ndc3 50. a3 Rd4 51. b4+ Kb5 52. Rg7 e4 53. Ra7
Kc4 54. Kb2 Rd2+ 55. Ka1 Ra2# 0-1

[Event "AUTO-OPEN-4583"]
[Site "http://www.queenalice.com/game.php?id=1854330"]
[Date "2025.3.21"]
[Round "1"]
[White "delphicoracle"]
[Black "yasseryack"]
[Result "1-0"]
[WhiteElo "2665"]
[BlackElo "1869"]

1. Nc3 c5 2. Nf3 b6 3. d4 e6 4. d5 d6 5. dxe6 Bxe6 6. e4 Be7 7. Bb5+ Bd7 8. Qd5
a6 9. Bc4 Be6 10. Qxa8 Bxc4 11. Bf4 Nf6 12. O-O-O O-O 13. Bxd6 Bxd6 14. e5 Nbd7
15. Qxd8 Rxd8 16. Rxd6 Ng4 17. Rhd1 Be6 18. Ng5 Ngxe5 19. Nxe6 fxe6 20. f4 Ng6
21. Rxd7 Rxd7 22. Rxd7 Nxf4 23. g3 Ng6 24. Na4 Ne5 25. Rd6 Kf7 26. Rxb6 a5 27.
Nxc5 Ng4 28. Nxe6 Nxh2 29. Ng5+ Ke7 30. Re6+ Kd7 31. Re4 h6 32. Ne6 g5 33. Kd1
Nf3 34. Re3 g4 35. Nc5+ Kd6 36. Nb7+ Kd5 37. Nxa5 h5 38. c3 Ng5 39. b4 Ne4 40.
a4 Nf2+ 41. Kc2 Kd6 42. c4 Nh3 43. c5+ Kd5 44. Rd3+ 1-0

[Event "Challenge"]
[Site "http://www.queenalice.com/game.php?id=1854381"]
[Date "2025.3.23"]
[Round "-"]
[White "jogo"]
[Black "yasseryack"]
[Result "1-0"]
[WhiteElo "1902"]
[BlackElo "1908"]

1. e4 c5 2. c3 b6 3. d4 e6 4. f4 Bb7 5. Bd3 Qc8 6. Nf3 c4 7. Bc2 Nf6 8. Qe2 Be7
9. e5 Ng4 10. h3 Nh6 11. g4 O-O 12. O-O f6 13. exf6 Bxf6 14. g5 Bxg5 15. fxg5
Nf5 16. Ne5 Ng3 17. Rxf8+ Qxf8 18. Qf2 Qxf2+ 19. Kxf2 Nh5 20. Nxc4 Nc6 21. Nd6
Rb8 22. Be4 Rf8+ 23. Kg2 Ba6 24. b4 Bf1+ 25. Kh2 Ne7 26. Be3 Be2 27. Nd2 a6 28.
Re1 Bb5 29. Nxb5 axb5 30. h4 d5 31. Bf3 Nf4 32. Bxf4 Rxf4 33. Kg3 Rf7 34. Rxe6
Nf5+ 35. Kg4 g6 36. Bxd5 Ne7 37. Rxe7 1-0

[Event "AUTO-MASTER-3258"]
[Site "http://www.queenalice.com/game.php?id=1854518"]
[Date "2025.3.26"]
[Round "1"]
[White "yasseryack"]
[Black "CCapivara"]
[Result "0-1"]
[WhiteElo "1912"]
[BlackElo "2265"]

1. f4 d6 2. g3 Nf6 3. Bg2 c6 4. d3 e5 5. Nc3 Be7 6. e4 Bg4 7. Bf3 h5 8. h3 Bxf3
9. Nxf3 Nbd7 10. Qe2 Qc7 11. Bd2 O-O-O 12. O-O-O Kb8 13. fxe5 dxe5 14. Be3 Ka8
15. Qf2 b6 16. d4 Bb4 17. Nb1 Nxe4 18. Qg1 exd4 19. Bf4 Bd6 20. Rxd4 Bxf4+ 21.
gxf4 Qxf4+ 22. Nfd2 Ndf6 23. Rxd8+ Rxd8 24. Rh2 g5 25. c3 Nxd2 26. Nxd2 Ne4 27.
Qg2 Rxd2 28. Qxd2 Nxd2 29. Rxd2 g4 30. hxg4 hxg4 31. Kc2 Qxd2+ 32. Kxd2 f5 33.
Ke3 c5 34. b3 Kb7 35. a3 Kc6 36. a4 Kd5 37. c4+ Ke5 38. Kf2 f4 39. Kg2 Kd4 40.
Kf2 Kc3 41. Ke2 Kxb3 42. Kd3 g3 43. Ke4 Kxc4 44. Kf3 Kb3 45. Kxf4 g2 0-1

[Event "AUTO-MASTER-3258"]
[Site "http://www.queenalice.com/game.php?id=1854519"]
[Date "2025.3.26"]
[Round "1"]
[White "CCapivara"]
[Black "yasseryack"]
[Result "1-0"]
[WhiteElo "2243"]
[BlackElo "1901"]

1. e4 c5 2. Nf3 b6 3. d4 e6 4. Nc3 Bb7 5. Be3 Qc8 6. a3 Nf6 7. Bd3 c4 8. Be2
Nxe4 9. Nxe4 Bxe4 10. O-O Be7 11. Ne5 Bd5 12. Bf3 O-O 13. Bxd5 exd5 14. Qh5 f6
15. Nf3 Qc6 16. Rfe1 Qd6 17. Bd2 Nc6 18. Re2 Rae8 19. Rae1 Rf7 20. c3 g6 21. Qh3
g5 22. Qh5 Rg7 23. Qxe8+ Bf8 24. Qh5 Ne7 25. h4 g4 26. Nh2 f5 27. Bh6 Rg6 28.
Bxf8 Kxf8 29. Rxe7 Qxe7 30. Rxe7 Kxe7 31. Qxh7+ Kf6 32. Qxd7 Rg7 33. Qxg7+ Kxg7
34. Nxg4 fxg4 35. Kh2 Kg6 36. Kg3 Kf5 37. h5 Kg5 38. h6 Kxh6 39. Kxg4 Kg6 40. f4
Kf6 41. Kf3 Kf5 42. g4+ Ke6 43. f5+ Kf6 44. Kf4 a5 45. g5+ Kf7 46. Ke5 b5 47.
Kxd5 b4 48. axb4 axb4 49. Kxc4 1-0

[Event "AUTO-MASTER-3258"]
[Site "http://www.queenalice.com/game.php?id=1854520"]
[Date "2025.3.26"]
[Round "1"]
[White "yasseryack"]
[Black "JailtonMaster"]
[Result "1-0"]
[WhiteElo "1892"]
[BlackElo "2062"]

1. f4 e6 2. g3 d5 3. Bg2 c5 4. Nf3 Nc6 5. c3 Nf6 6. O-O Be7 7. e3 O-O 8. d3 b5
9. Ne5 Nxe5 10. fxe5 Nd7 11. e4 Bb7 12. exd5 exd5 13. Qe2 Qc7 14. d4 cxd4 15.
cxd4 a5 16. Nc3 b4 17. Nxd5 Bxd5 18. Bxd5 Rac8 19. Bf4 Qb6 20. Rad1 a4 21. e6
Nf6 22. exf7+ Kh8 23. Bc4 Bd6 24. Bxd6 Qxd6 25. b3 axb3 26. axb3 Nd5 27. Rd3 Nc3
28. Qf3 Rcd8 29. d5 Rd7 30. Re1 h6 31. Re8 Rd8 32. Re6 Qc5+ 33. Kg2 Ra8 34. d6
Ra2+ 35. Kh3 Qg1 36. Kg4 h5+ 37. Kg5 Qc5+ 38. Kg6 Ra5 39. h4 1-0

[Event "AUTO-MASTER-3258"]
[Site "http://www.queenalice.com/game.php?id=1854521"]
[Date "2025.3.26"]
[Round "1"]
[White "JailtonMaster"]
[Black "yasseryack"]
[Result "1-0"]
[WhiteElo "2091"]
[BlackElo "1910"]

1. e4 c5 2. Nf3 b6 3. d4 e6 4. Be2 Bb7 5. d5 exd5 6. exd5 Bd6 7. O-O Qf6 8. Re1
Ne7 9. Bg5 Qxb2 10. Bxe7 Bxe7 11. Nbd2 O-O 12. d6 Bf6 13. Nb3 a5 14. a4 Qc3 15.
Bd3 Na6 16. Re3 Qb4 17. Ne5 Bxe5 18. Rxe5 c4 19. Rb5 Qxd6 20. Bxh7+ Kxh7 21.
Qxd6 cxb3 22. cxb3 Nb4 23. Qxd7 Bc6 24. Rh5+ Kg8 25. Qh3 f6 26. Rh8+ Kf7 27.
Qh5+ Ke7 28. Re1+ Kd6 29. Rh7 g5 30. Qd1+ Nd5 31. Rhe7 Kc5 32. R7e6 Bb7 33. Qc2+
Kb4 34. R6e4+ 1-0

[Event "AUTO-MASTER-3258"]
[Site "http://www.queenalice.com/game.php?id=1854522"]
[Date "2025.3.26"]
[Round "1"]
[White "yasseryack"]
[Black "andrevillares"]
[Result "0-1"]
[WhiteElo "1838"]
[BlackElo "2121"]

1. f4 d5 2. g3 c5 3. Bg2 Nc6 4. d3 Nf6 5. Nf3 Bg4 6. O-O e6 7. Qe1 Bd6 8. Nc3
O-O 9. Nh4 Nb4 10. Qd2 d4 11. Nb5 Be7 12. a3 Nbd5 13. Bxd5 Nxd5 14. Ng2 a6 15.
Nxd4 cxd4 16. e3 dxe3 17. Nxe3 Bc5 18. d4 Nxe3 19. Re1 Bxd4 20. Rxe3 Bxe3+ 21.
Qxe3 Bh3 22. Bd2 Qd5 0-1

[Event "AUTO-MASTER-3258"]
[Site "http://www.queenalice.com/game.php?id=1854523"]
[Date "2025.3.26"]
[Round "1"]
[White "andrevillares"]
[Black "yasseryack"]
[Result "1-0"]
[WhiteElo "2105"]
[BlackElo "1833"]

1. d4 e6 2. c4 c5 3. Nf3 b6 4. g3 Bb7 5. Bg2 cxd4 6. Qxd4 Nf6 7. Nc3 Bc5 8. Qd3
O-O 9. O-O Na6 10. a3 Rc8 11. b4 Be7 12. Bb2 h6 13. Rfd1 Bxf3 14. Bxf3 Rc7 15.
Nb5 Rc8 16. Bb7 Nc7 17. Bxc8 Nxb5 18. Bxd7 Nxd7 19. cxb5 Nb8 20. Qc3 Bf6 21.
Rxd8 Bxc3 22. Rxf8+ Kxf8 23. Bxc3 Ke7 24. Bxg7 1-0